Dinámica celular y control de la actividad química
Guardat en:
| Autor principal: | |
|---|---|
| Format: | Llibre |
| Idioma: | espanyol |
| Publicat: |
Ciudad de México, México
McGraw-Hill
1974
|
| Col·lecció: | Curso Básico de Ciencias.
15-16 |
| Matèries: | |
| Etiquetes: |
Afegir etiqueta
Sense etiquetes, Sigues el primer a etiquetar aquest registre!
|
MARC
| LEADER | 00000nam a2200000 a 4500 | ||
|---|---|---|---|
| 001 | UCT4912 | ||
| 003 | CL-VaPUC | ||
| 005 | 20230112074254.0 | ||
| 008 | 961127e19740000MX |||||||||||||||||spa|d | ||
| 999 | |c 253995 |d 253993 | ||
| 040 | |c Pontificia Universidad Católica de Valparaíso | ||
| 082 | 0 | 4 | |a 572 PEN 1974 |2 21 |
| 100 | 0 | |a Pentz, M. J |9 374152 | |
| 245 | 1 | 0 | |a Dinámica celular y control de la actividad química |
| 260 | 0 | 3 | |a Ciudad de México, México |b McGraw-Hill |c 1974 |
| 300 | |a 94 páginas | ||
| 490 | 0 | |a Curso Básico de Ciencias. |v 15-16 | |
| 583 | |a last modification |c 19961127 00:00:00 |k Rodrigo Vera | ||
| 650 | 0 | |a Biología |9 262022 | |
| 650 | 0 | |a Bioquímica |9 259492 | |
| 650 | 0 | |a Enzimas |9 262984 | |
| 650 | 0 | |a Células |9 269548 | |
| 650 | 7 | |a OXIGENO |2 CL-VaPUC |9 358321 | |
| 650 | 0 | |a Metabolismo |9 259893 | |
| 650 | 7 | |a GLUCOLISIS |2 CL-VaPUC |9 370915 | |
| 942 | |c BK |2 ddc | ||
| 945 | |d 19961127 00:00:00 |a paguirre | ||
| 952 | |0 0 |1 0 |2 ddc |4 0 |6 572_000000000000000_PEN_1974 |7 0 |8 A |9 275270 |a BIBCUR |b BIBCUR |c PAC |d 2019-11-19 |i 1791559 |o 572 PEN 1974 |p 1791559 |r 2025-04-22 |t 1 |w 2019-11-19 |y BK |k BIO | ||